| 000 | 00899nam a2200253 i 4500 | ||
|---|---|---|---|
| 001 | bg | ||
| 100 | 1 | _aGRUSZECKA, Krystyna | |
| 245 | 1 | 0 |
_aRewitalizacja starych miast województwa zielonogórskiego : _bilustracje / _cKrystyna Gruszecka. |
| 260 |
_aWarszawa : _bOficyna Wydawnicza Politechniki Warszawskiej, _c2004. |
||
| 300 |
_a135 s., [1] k. tabl. złoż. : _bil., faks., fot., mapy, pl., rys. ; _c30 cm. |
||
| 500 | _aStreszcz. ang. | ||
| 504 | _aBibliogr. s. 30. | ||
| 650 | 9 |
_aUrbanistyka _zPolska |
|
| 650 | 9 |
_aZespoły historyczne miast _xochrona i konserwacja _zPolska |
|
| 651 | 9 |
_aZielona Góra (woj. lubuskie ; okręg) _xmiasta _xochrona i konserwacja |
|
| 015 | _aPB 13478/2005 | ||
| 020 | _a8372075018 | ||
| 040 | _cBPK | ||
| 041 | 0 |
_apol _beng |
|
| 080 | _a72.025(1-21):711.4/.8](438) | ||
| 920 | _a83-7207-501-8 | ||
| 942 | _cKS | ||
| 008 | s pl f |000 0 pol | ||
| 999 |
_c46364 _d46364 |
||
| 856 |
_uhttp://koha.tu.koszalin.pl/cgi-bin/koha/opac-detail.pl?biblionumber=46364 _yKatalog online BPK |
||